Leasehold Reform, Housing and Urban Development Act 1993 (Record no. 47875)
[ view plain ]
| 000 -LEADER | |
|---|---|
| fixed length control field | 01040cab a2200277 4500 |
| 001 - CONTROL NUMBER | |
| control field | ABS50485 |
| 008 - FIXED-LENGTH DATA ELEMENTS--GENERAL INFORMATION | |
| fixed length control field | 090401t1994 xxu||||| |||| 00| 0 eng d |
| 035 ## - SYSTEM CONTROL NUMBER | |
| System control number | (Sirsi) u76089 |
| 041 ## - LANGUAGE CODE | |
| Language code of text/sound track or separate title | eng |
| 100 ## - MAIN ENTRY--PERSONAL NAME | |
| Personal name | Greenish, D.J.W. |
| 245 ## - TITLE STATEMENT | |
| Title | Leasehold Reform, Housing and Urban Development Act 1993 |
| 260 ## - PUBLICATION, DISTRIBUTION, ETC. | |
| Date of publication, distribution, etc. | 1994 |
| 350 ## - PRICE (NR) (BK AM CF MU VM SE) [OBSOLETE] | |
| Price | 0 |
| 490 ## - SERIES STATEMENT | |
| Series statement | Rent Review & Lease Renewal |
| Volume/sequential designation | 14(2) 1994, 7-17(11) |
| 520 ## - SUMMARY, ETC. | |
| Summary, etc. | Overview of the Leasehold Reform and Urban Development Act 1993 dealing with the collective right to enfranchise allowing flat tenants to collectively buy the freehold of their building, the individual right to extend leases and the enfranchisement of houses. |
| 650 ## - SUBJECT ADDED ENTRY--TOPICAL TERM | |
| Topical term or geographic name entry element | COLLECTIVE ENFRANCHISEMENT |
| 650 ## - SUBJECT ADDED ENTRY--TOPICAL TERM | |
| Topical term or geographic name entry element | ENFRANCHISEMENT |
| 650 ## - SUBJECT ADDED ENTRY--TOPICAL TERM | |
| Topical term or geographic name entry element | FLAT OWNERS |
| 650 ## - SUBJECT ADDED ENTRY--TOPICAL TERM | |
| Topical term or geographic name entry element | FREEHOLD |
| 650 ## - SUBJECT ADDED ENTRY--TOPICAL TERM | |
| Topical term or geographic name entry element | LEASE EXTENSION |
| 650 ## - SUBJECT ADDED ENTRY--TOPICAL TERM | |
| Topical term or geographic name entry element | LEASEHOLD REFORM ACT 1967 |
| 650 ## - SUBJECT ADDED ENTRY--TOPICAL TERM | |
| Topical term or geographic name entry element | LEASEHOLD REFORM, HOUSING AND URBAN DEVELOPMENT ACT 1993 |
| 690 ## - LOCAL SUBJECT ADDED ENTRY--TOPICAL TERM (OCLC, RLIN) | |
| Topical term or geographic name as entry element | LANDLORD AND TENANT-LEASEHOLD REFORM |
| 942 ## - ADDED ENTRY ELEMENTS (KOHA) | |
| Suppress in OPAC | 0 |
| 948 ## - LOCAL PROCESSING INFORMATION (OCLC); SERIES PART DESIGNATOR (RLIN) | |
| c (OCLC) | 04/03/1997 |
| Withdrawn status | Lost status | Source of classification or shelving scheme | Damaged status | Not for loan | Home library | Current library | Shelving location | Date acquired | Total Checkouts | Full call number | Barcode | Date last seen | Copy number | Price effective from | Koha item type |
|---|---|---|---|---|---|---|---|---|---|---|---|---|---|---|---|
| Dewey Decimal Classification | London | London | Journal article | 14/09/1999 | ABS50485 | 76089-1001 | 06/08/2019 | 1 | 06/08/2019 | Journal article |